000 00330cam a22001097a 4500
008 180718b1958 xxu||||| |||| 00| 0 eng d
082 _aT000x54 In25
245 _aState development plans- review of progress
_cby Planning Commission
260 _a
_bGovernment Of India
_c1958
300 _a78p.
700 _aIndia. Planning Commission
999 _c496720
_d496720